|
|
|
|
| LEADER |
00000cam a2200000 7i4500 |
| 001 |
0000004046 |
| 005 |
20070514093000.0 |
| 008 |
021118s1983 |
| 020 |
|
|
|a 0706921461
|
| 090 |
0 |
0 |
|a TA405
|b .K8
|
| 100 |
0 |
|
|a Kumar, Dharmendra ,
|e author
|
| 245 |
1 |
0 |
|a Materials science and manufacturing processes
|c Dharmendra Kumar, S. K. Jain, A. K. Bhargava
|
| 260 |
2 |
|
|a New Delhi :
|b Vikas ,
|c 1983
|
| 300 |
|
|
|a 410 p. ;
|c 22 cm.
|
| 504 |
|
|
|a Includes bibliographical references (p. 409-410)
|
| 650 |
|
0 |
|a Manufacturing processes
|
| 650 |
|
0 |
|a Materials
|
| 700 |
1 |
|
|a Bhargava, A. K. ,
|e author
|
| 700 |
1 |
|
|a Jain, S. K. ,
|e author
|
| 999 |
|
|
|a 1000035368
|b Book
|c OPEN SHELF (30 DAYS)
|e Gong Badak Campus
|